000 00563nam a2200229Ia 4500
005 20260320201228.0
008 008 262003s9999 xx 000 0 eng d
037 _aEBOOK
040 _aCRL
040 _beng
040 _cCRL
041 _2eng
041 _aeng
084 _qCRL
100 _aBoyce
_9886003
245 0 _aMicrosoft Certified Azure Fundamentals Study Guide: Exam AZ-900
260 _bIEEE
856 _uhttps://ieeexplore.ieee.org/servlet/opac?bknumber=9942221
942 _cEBOOK
999 _c1719831
_d1719831